Analisis del discurso /

Guardado en:
Autor Principal: Brown, Gillian
Otros Autores: Yule, George
Formato: Libro
Publicado: Madrid : Visor, 1998
Series:Visor Lingüística/1.-
Materias:
Etiquetas: Agregar Etiqueta
Sin Etiquetas, Sea el primero en etiquetar este registro!
LEADER 00842nam a22002535a 4500
001 EHU.bham022467
003 AR-BHAM
005 20080430155730.0
008 130507s1998##################000#0#####d
082 4 0 |a 401 
100 1 |a Brown, Gillian 
245 1 0 |a Analisis del discurso /  |c Gillian Brown , George Yule , 
260 |a Madrid :  |b Visor,  |c 1998 
300 |a 344 p. 
490 0 |a Visor Lingüística/1.- 
500 |a Traducción de Silvia Iglesias Recuero.- 
653 |a Analisis del discurso 
653 |a Discurso-analisis 
653 |a LingÜistica y discurso 
653 |a Linguistica-teoria 
700 1 |a Yule, George 
859 |a AR-BHAM  |b BIB. HUMANIDADES - General  |h 401  |i B813  |p 267.99  |t Ej.1 
859 |a AR-BHAM  |b BIB. HUMANIDADES - General  |h 401  |i B813  |p 408.01  |t Ej.1 
859 |a AR-BHAM  |b BIB. HUMANIDADES - General  |h 401  |i B813  |p 84.01  |t Ej.1